| 000 | 00326nam a22001217a 4500 | ||
|---|---|---|---|
| 008 | 180421b xxu||||| |||| 00| 0 eng d | ||
| 041 | _aeng | ||
| 080 | _a043.3 | ||
| 100 | _a0 | ||
| 101 | _aMBE-BA | ||
| 245 |
_aStruktura Organizative e Ndermarrjes dhe Roli i saj ne Performancen e Pergjithshme _cBatusha, V |
||
| 942 |
_2udc _cBK |
||
| 999 |
_c45368 _d45368 |
||